000 00261nam a2200109Ia 4500
008 190913s9999||||xx |||||||||||||| ||und||
100 _aNutt,Gary
245 0 _a Operating System Projects
260 _aEngland
_bMicrosoft Press
_c1998
300 _a716
942 _cBK
999 _c8055
_d8055